000 00437cam a2200181ua 4500
001 20151
008 140207n II |||gr||||Z||||||eng
040 _aMAIN
041 _aEnglish
082 _a330 BAR
100 _aBARUAH, SRINATH.
245 _aBASIC MATHEMATICS AND ITS APPLICATION IN ECONOMICS
250 _aREP.
260 _aNEW DELHI:
_bTRINITY PRESS,
_c2014.
300 _a488:
_c22CM.
653 _aEconomics
942 _cBK
999 _c20013
_d20013